[Event "XX Festival A"]
[Site "Porto San Giorgio ITA"]
[Date "2008.08.22"]
[Round "2"]
[White "Tommaselli, Giacomo"]
[Black "Eperjesi, Laszlo"]
[Result "0-1"]
[WhiteElo "2018"]
[BlackElo "2294"]
[PlyCount "92"]
[EventDate "2008.08.21"]

1. d4 Nf6 2. Nf3 e6 3. Bg5 h6 4. Bh4 Be7 5. Nbd2 c5 6. e3 cxd4 7. exd4 b6 8. c3
Bb7 9. Bd3 d6 10. Bg3 Nbd7 11. Qe2 O-O 12. h3 a6 13. Ne4 Qc7 14. O-O Rfe8 15.
Rac1 b5 16. b3 Rac8 17. Nfd2 Qb6 18. Nxf6+ Nxf6 19. Bb1 Bf8 20. Qd3 g6 21. Bf4
Bg7 22. c4 Qc6 23. f3 Nh5 24. Be3 Ng3 25. Rfe1 bxc4 26. bxc4 Ba8 27. Nb3 Nf5
28. Bf2 h5 29. c5 dxc5 30. dxc5 Qa4 31. Rc4 Qa3 32. Qd2 Bd5 33. Rc2 Bxb3 34.
axb3 Red8 35. Ra2 Qxb3 36. Qe2 Nd4 37. Qxa6 Rxc5 38. Ra3 Qb8 39. Qa7 Qc8 40.
Rd3 Rc1 41. Rde3 Nb5 42. Qa5 Bd4 43. Re4 Rxe1+ 44. Qxe1 Bxf2+ 45. Kxf2 Nc3 46.
Re3 Nd1+ 0-1

[Event "XX Festival A"]
[Site "Porto San Giorgio ITA"]
[Date "2008.08.22"]
[Round "2"]
[White "Trent, Lawrence"]
[Black "Massironi, Marco"]
[Result "1-0"]
[WhiteElo "2470"]
[BlackElo "2145"]
[PlyCount "105"]
[EventDate "2008.08.21"]

1. e4 c5 2. Nc3 Nc6 3. Nf3 e5 4. Bc4 d6 5. d3 Be7 6. O-O Nf6 7. Nh4 O-O 8. f4
Bg4 9. Nf3 exf4 10. Bxf4 Nd4 11. Kh1 Nxf3 12. gxf3 Be6 13. Qe2 Re8 14. Rg1 d5
15. Bb3 d4 16. Qg2 g6 17. Bxe6 dxc3 18. Bb3 cxb2 19. Raf1 Nh5 20. Be3 b1=Q 21.
Rxb1 Bd6 22. Qg4 Nf6 23. Qh3 Re5 24. Rg5 Qd7 25. Qh4 Rxg5 26. Bxg5 Nh5 27. Bd5
Rb8 28. Rg1 Qc7 29. Qxh5 gxh5 30. Bd8+ Kf8 31. Bxc7 Bxc7 32. f4 Bd8 33. e5 h6
34. Kg2 Be7 35. Kf3 b6 36. Ke4 Rd8 37. f5 Bg5 38. f6 h4 39. a4 Re8 40. Kf5 Rd8
41. c4 Rb8 42. Re1 Bd2 43. Re4 Bg5 44. e6 fxe6+ 45. Rxe6 Rd8 46. Rc6 Ke8 47.
Re6+ Kf8 48. h3 Re8 49. Rc6 Re2 50. Rc8+ Re8 51. Rc7 Re2 52. Kg6 Bf4 53. Rh7
1-0

[Event "XX Festival A"]
[Site "Porto San Giorgio ITA"]
[Date "2008.08.22"]
[Round "2"]
[White "Vezzani, Stefano"]
[Black "Farago, Ivan"]
[Result "0-1"]
[WhiteElo "2161"]
[BlackElo "2482"]
[PlyCount "88"]
[EventDate "2008.08.21"]

1. g3 d5 2. Nf3 Nf6 3. Bg2 c6 4. O-O Bg4 5. d3 e6 6. Qe1 Be7 7. e4 O-O 8. Ne5
Bh5 9. Kh1 Nbd7 10. Nxd7 Nxd7 11. f4 dxe4 12. dxe4 e5 13. f5 Qb6 14. Nd2 Qc5
15. c3 Qb5 16. h3 f6 17. g4 Bf7 18. Rf3 Nc5 19. Bf1 Qa4 20. b4 Nb3 21. Nxb3
Bxb3 22. Bd2 Bf7 23. Rg3 Rad8 24. h4 Kh8 25. g5 Bh5 26. Be2 Qc2 27. Bxh5 Rxd2
28. Rc1 Qxa2 29. Ra1 Qc2 30. Rxa7 fxg5 31. Rxb7 Rh2+ 32. Kg1 Rxh4 33. Rg2 Qd3
34. Rxe7 Rxh5 35. Rxe5 h6 36. Rg3 Qd6 37. Ra5 Qf4 38. Rg2 Rd8 39. Raa2 Rd3 40.
Raf2 Qh4 41. Re2 Rd1 42. Qxd1 Qh1+ 43. Kf2 Qxd1 44. e5 g4 0-1

[Event "XX Festival A"]
[Site "Porto San Giorgio ITA"]
[Date "2008.08.22"]
[Round "2"]
[White "Voiska, Margarita"]
[Black "Sbraccia, Giovanni"]
[Result "1-0"]
[WhiteElo "2296"]
[BlackElo "2106"]
[PlyCount "55"]
[EventDate "2008.08.21"]

1. Nf3 Nf6 2. g3 Nc6 3. Bg2 e5 4. d4 e4 5. Ne5 Bd6 6. Nc4 Bb4+ 7. c3 d5 8. Ne5
Bd6 9. Nxc6 bxc6 10. c4 O-O 11. Nc3 Re8 12. O-O Bf5 13. Bg5 Be7 14. Qa4 Qd7 15.
Bxf6 Bxf6 16. cxd5 e3 17. fxe3 Rxe3 18. Rad1 Bg4 19. dxc6 Qd8 20. Nd5 Rxe2 21.
Nxf6+ gxf6 22. d5 Qc8 23. Rf4 Bh3 24. Bf3 Re3 25. Bg4 Bxg4 26. Rxg4+ Kh8 27.
Qf4 f5 28. Qd4+ 1-0

[Event "XX Festival A"]
[Site "Porto San Giorgio ITA"]
[Date "2008.08.23"]
[Round "3"]
[White "Agrifoglio, Fabio"]
[Black "Calandri, Fausto"]
[Result "0-1"]
[WhiteElo "2017"]
[BlackElo "2138"]
[PlyCount "108"]
[EventDate "2008.08.21"]

1. g3 Nf6 2. Bg2 e6 3. d3 d5 4. Nd2 c5 5. e4 Nc6 6. c3 dxe4 7. Nxe4 Nxe4 8.
dxe4 Qxd1+ 9. Kxd1 Be7 10. Kc2 O-O 11. Be3 Ne5 12. f4 Ng4 13. Re1 e5 14. h3
Nxe3+ 15. Rxe3 Be6 16. b3 exf4 17. gxf4 Rad8 18. Nf3 f6 19. Ree1 Rd7 20. Rd1
Rfd8 21. Rxd7 Rxd7 22. c4 Kf8 23. Re1 Rd6 24. a4 Bd8 25. Re2 Bc7 26. Ne1 b6 27.
Nd3 Rd4 28. a5 Bd7 29. axb6 axb6 30. Kc3 Bc6 31. b4 Bd6 32. e5 Bxg2 33. Rxg2
fxe5 34. fxe5 Be7 35. bxc5 Bxc5 36. Rg4 Rxg4 37. hxg4 Be3 38. Nb4 Kf7 39. Kd3
Bc5 40. Nc6 Ke6 41. Ke4 h6 42. Nd8+ Ke7 43. Nc6+ Ke6 44. Nd8+ Kd7 45. Nf7 Ke6
46. Nh8 g5 47. Ng6 Ba3 48. Nh8 Bf8 49. Ng6 Bg7 50. Kd4 Kf7 51. Nh8+ Bxh8 52.
Kd5 Ke7 53. Kc6 h5 54. gxh5 g4 0-1

[Event "XX Festival A"]
[Site "Porto San Giorgio ITA"]
[Date "2008.08.23"]
[Round "3"]
[White "Aleksic, Nenad"]
[Black "Caprio, Guido"]
[Result "1-0"]
[WhiteElo "2371"]
[BlackElo "2188"]
[PlyCount "75"]
[EventDate "2008.08.21"]

1. e4 c5 2. Nf3 d6 3. d4 cxd4 4. Nxd4 Nf6 5. Nc3 g6 6. Bc4 Bg7 7. h3 O-O 8. O-O
Nc6 9. Be3 Na5 10. Bb3 b6 11. Re1 Bb7 12. Bg5 Rc8 13. Nd5 e6 14. Nxf6+ Bxf6 15.
Bh6 Re8 16. Qd3 a6 17. Rad1 b5 18. c3 Nc4 19. Bxc4 Rxc4 20. Nf3 Qa8 21. Qxd6
Rxe4 22. Rxe4 Bxe4 23. Qf4 Bf5 24. Ne5 Rd8 25. Rd7 Qc8 26. Ng4 Bh8 27. Rxd8+
Qxd8 28. Ne3 Bb1 29. a4 Bf6 30. axb5 axb5 31. g3 g5 32. Qf3 Be7 33. Qb7 f6 34.
h4 Kf7 35. hxg5 fxg5 36. Bxg5 Bd3 37. Ng4 Ke8 38. Ne5 1-0

[Event "XX Festival A"]
[Site "Porto San Giorgio ITA"]
[Date "2008.08.23"]
[Round "3"]
[White "Buono, Michele"]
[Black "Rotoni, Matteo"]
[Result "1-0"]
[WhiteElo "2194"]
[BlackElo "2089"]
[PlyCount "120"]
[EventDate "2008.08.21"]

1. e4 e6 2. Nf3 d5 3. e5 c5 4. b4 cxb4 5. a3 Nc6 6. axb4 Bxb4 7. c3 Be7 8. d4
Bd7 9. Bd3 Rc8 10. O-O Na5 11. Ra2 a6 12. Qe2 Nc4 13. Ne1 Bf8 14. f4 Ne7 15.
Nf3 g6 16. g4 h5 17. h3 hxg4 18. hxg4 Bb5 19. Ng5 Nc6 20. f5 gxf5 21. gxf5 Be7
22. Nxf7 Rg8+ 23. Kh1 Qb6 24. Nh6 Rg3 25. Rf3 Rxf3 26. Qxf3 N4xe5 27. dxe5 Nxe5
28. Qh5+ Kd8 29. f6 Bxf6 30. Bg5 Nd7 31. Bxf6+ Nxf6 32. Qf3 Bxd3 33. Qxd3 Ne4
34. Kg2 Qc7 35. Qe3 Qg7+ 36. Kh3 Kc7 37. Rg2 Qf6 38. Rg4 Nf2+ 39. Kg3 Nxg4 40.
Nxg4 Qf5 41. Nd2 Kb8 42. Nf3 Rc4 43. Nfe5 Re4 44. Qc5 Qf4+ 45. Kh3 Qf1+ 46. Kg3
Qe1+ 47. Kh3 Qf1+ 48. Kg3 Qb5 49. Qd6+ Ka7 50. Nd7 Qd3+ 51. Kh4 Rxg4+ 52. Kxg4
Qf5+ 53. Kh4 Qh7+ 54. Kg5 Qg8+ 55. Kf6 Qc8 56. Kxe6 Qc6 57. Qxc6 bxc6 58. Kd6
Kb7 59. Kc5 a5 60. Ne5 a4 1-0

[Event "XX Festival A"]
[Site "Porto San Giorgio ITA"]
[Date "2008.08.23"]
[Round "3"]
[White "Cristiani, Cesare"]
[Black "Scipioni, Gaetano"]
[Result "1/2-1/2"]
[WhiteElo "2168"]
[BlackElo "2077"]
[PlyCount "30"]
[EventDate "2008.08.21"]

1. d4 d5 2. c4 c6 3. Nf3 e6 4. e3 Nf6 5. Nc3 Bd6 6. Bd3 Nbd7 7. O-O O-O 8. Re1
dxc4 9. Bxc4 e5 10. Qc2 Qe7 11. h3 b5 12. Bd3 Bb7 13. Bd2 Rac8 14. Ne4 Nxe4 15.
Bxe4 g6 1/2-1/2

[Event "XX Festival A"]
[Site "Porto San Giorgio ITA"]
[Date "2008.08.23"]
[Round "3"]
[White "Dann, Timothy"]
[Black "Antonelli, Fabrizio"]
[Result "1-0"]
[WhiteElo "2137"]
[BlackElo "2035"]
[PlyCount "73"]
[EventDate "2008.08.21"]

1. e4 e5 2. Nc3 Nf6 3. f4 d5 4. fxe5 Nxe4 5. d3 Nc5 6. d4 Ne6 7. Nf3 Nc6 8. Be3
Be7 9. Bb5 O-O 10. O-O a6 11. Ba4 Na5 12. Ne2 b5 13. Bb3 Nxb3 14. axb3 Bb7 15.
Qd2 c5 16. c3 Rc8 17. Ng3 g6 18. Bh6 Re8 19. Rf2 Bf8 20. Raf1 Rc7 21. h4 Bxh6
22. Qxh6 Rf8 23. Ng5 Nxg5 24. hxg5 Bc8 25. Rf4 cxd4 26. cxd4 Be6 27. Rh4 f5 28.
gxf6 Qd7 29. Ne2 Rf7 30. Nf4 Bf5 31. e6 Bxe6 32. Nxg6 Qd8 33. Ne5 Rf8 34. Qg5+
Kh8 35. Ng6+ Kg8 36. Ne7+ Kf7 37. Qh5# 1-0

[Event "XX Festival A"]
[Site "Porto San Giorgio ITA"]
[Date "2008.08.23"]
[Round "3"]
[White "Della Corte, Alessandro"]
[Black "Ruggeri, Pietro"]
[Result "1-0"]
[WhiteElo "2247"]
[BlackElo "2093"]
[PlyCount "75"]
[EventDate "2008.08.21"]

1. Nf3 c5 2. g3 Nc6 3. Bg2 Nf6 4. O-O g6 5. d3 Bg7 6. e4 O-O 7. h3 d5 8. Nbd2
dxe4 9. dxe4 Qc7 10. c3 b6 11. Re1 Bb7 12. Qc2 Rad8 13. a4 Ba6 14. Bf1 Bxf1 15.
Nxf1 c4 16. Bf4 Qb7 17. e5 Nd5 18. Qe4 Nxf4 19. Qxf4 Rd3 20. N3d2 Rfd8 21. Nxc4
Qd7 22. Qe4 Qd5 23. Qxd5 R8xd5 24. Nfe3 Rd8 25. f4 Bf8 26. Kf2 e6 27. Ke2 Bc5
28. Red1 Rxd1 29. Rxd1 Bxe3 30. Rxd8+ Nxd8 31. Kxe3 h5 32. a5 bxa5 33. Nxa5 Kf8
34. Kd4 Ke7 35. Kc5 Kd7 36. Kb5 Kc7 37. Ka6 Kb8 38. c4 1-0

[Event "XX Festival A"]
[Site "Porto San Giorgio ITA"]
[Date "2008.08.23"]
[Round "3"]
[White "Di Bello, Nicolo'"]
[Black "Vezzani, Stefano"]
[Result "1/2-1/2"]
[WhiteElo "2046"]
[BlackElo "2161"]
[PlyCount "28"]
[EventDate "2008.08.21"]

1. d4 Nf6 2. Nf3 g6 3. Bg5 Bg7 4. Nbd2 O-O 5. e4 d6 6. Bd3 Nc6 7. c3 e5 8. h3
Qe8 9. d5 Ne7 10. Qe2 h6 11. Be3 Nxe4 12. Bxe4 f5 13. Bc2 f4 14. c4 fxe3
1/2-1/2

[Event "XX Festival A"]
[Site "Porto San Giorgio ITA"]
[Date "2008.08.23"]
[Round "3"]
[White "Di Caro, Calogero"]
[Black "Lantini, Marco"]
[Result "1/2-1/2"]
[WhiteElo "2399"]
[BlackElo "2212"]
[PlyCount "78"]
[EventDate "2008.08.21"]

1. d4 Nf6 2. c4 e6 3. Nf3 b6 4. e3 Bb7 5. Bd3 c5 6. O-O g6 7. Nc3 Bg7 8. d5
exd5 9. cxd5 O-O 10. e4 d6 11. Re1 a6 12. a4 Ng4 13. h3 Ne5 14. Nxe5 Bxe5 15.
Be3 Qf6 16. Qd2 Rc8 17. Be2 Re8 18. Rad1 Nd7 19. Bg4 Bc8 20. Bg5 Qg7 21. Bh6
Qf6 22. Bg5 Qg7 23. f4 Bd4+ 24. Kh1 h5 25. Bf3 Bb7 26. Bh4 Bf6 27. Bxf6 Qxf6
28. Re2 b5 29. axb5 axb5 30. Nxb5 Ba6 31. Nc7 Bxe2 32. Bxe2 Reb8 33. Nxa8 Rxa8
34. Bb5 Nf8 35. Re1 Rb8 36. e5 Qh4 37. Bc6 Rxb2 38. Qxb2 Qxe1+ 39. Kh2 h4
1/2-1/2

[Event "XX Festival A"]
[Site "Porto San Giorgio ITA"]
[Date "2008.08.23"]
[Round "3"]
[White "Eperjesi, Laszlo"]
[Black "Cappai, Davide"]
[Result "1-0"]
[WhiteElo "2294"]
[BlackElo "2122"]
[PlyCount "61"]
[EventDate "2008.08.21"]

1. d4 g6 2. Nf3 Bg7 3. c4 d6 4. Nc3 Nc6 5. d5 Ne5 6. Nd2 f5 7. e3 Nf6 8. Be2
O-O 9. O-O Rb8 10. Qc2 Nf7 11. b4 c5 12. bxc5 dxc5 13. Rb1 Nd6 14. Nb3 Qc7 15.
Rd1 Bd7 16. h3 Rfc8 17. Bb2 Kh8 18. Bf1 a6 19. a4 b6 20. Ra1 Nfe4 21. Nxe4 Nxe4
22. Bxg7+ Kxg7 23. Bd3 Nf6 24. Qc3 Qd6 25. Nd2 e5 26. dxe6 Qxe6 27. e4 fxe4 28.
Nxe4 Bc6 29. Ng5 Qg8 30. Be4 Be8 31. Rd6 1-0

[Event "XX Festival A"]
[Site "Porto San Giorgio ITA"]
[Date "2008.08.23"]
[Round "3"]
[White "Erdos, Viktor"]
[Black "Rettore, Ludwig"]
[Result "1/2-1/2"]
[WhiteElo "2576"]
[BlackElo "2230"]
[PlyCount "95"]
[EventDate "2008.08.21"]

1. d4 d5 2. c4 e6 3. Nc3 Be7 4. Nf3 Nf6 5. g3 O-O 6. Bg2 c5 7. cxd5 exd5 8. O-O
Nc6 9. Bg5 cxd4 10. Nxd4 h6 11. Bf4 Nxd4 12. Qxd4 Be6 13. Rfd1 Qa5 14. Nxd5
Nxd5 15. Bxd5 Rfd8 16. e4 Rd7 17. Qc4 Rad8 18. Rac1 Bxd5 19. Rxd5 Rxd5 20. exd5
Qxd5 21. Qxd5 Rxd5 22. Rc7 Bc5 23. Rxb7 g5 24. b4 gxf4 25. bxc5 f3 26. h4 Rxc5
27. Rxa7 Rc1+ 28. Kh2 Rc2 29. Kh3 Rxf2 30. Kg4 Rf1 31. Ra3 f2 32. Rf3 Kg7 33.
Kf4 Kg6 34. Ke3 Rc1 35. Rxf2 Rc3+ 36. Kf4 h5 37. Rd2 Ra3 38. Re2 f6 39. Rh2 Kg7
40. Rg2 Ra4+ 41. Kf3 Ra5 42. Ke4 Kg6 43. Rb2 Ra3 44. Kf4 Kg7 45. Rb5 Kg6 46.
Rb2 Kg7 47. Rg2 Kg6 48. Rh2 1/2-1/2

[Event "XX Festival A"]
[Site "Porto San Giorgio ITA"]
[Date "2008.08.23"]
[Round "3"]
[White "Estremera Panos, Sergio"]
[Black "Gordon, Stephen J."]
[Result "1/2-1/2"]
[WhiteElo "2394"]
[BlackElo "2508"]
[PlyCount "72"]
[EventDate "2008.08.21"]

1. d4 Nf6 2. c4 e6 3. Nf3 b6 4. g3 Ba6 5. b3 d5 6. Bg2 Bb4+ 7. Bd2 Bd6 8. cxd5
exd5 9. Nc3 O-O 10. Ne5 Re8 11. O-O Bb7 12. Bg5 Be7 13. Rc1 Na6 14. Bxf6 Bxf6
15. f4 c5 16. dxc5 Bxe5 17. fxe5 Rxe5 18. Qd4 f6 19. cxb6 Qxb6 20. Qxb6 axb6
21. Rcd1 Nc7 22. Rd2 Ra5 23. Rf4 Rc5 24. Na4 Rc1+ 25. Rf1 Rc6 26. Nb2 Ba6 27.
Bf3 Re3 28. Nd1 Re7 29. Nf2 Rc3 30. Nd1 Rc6 31. Nf2 Rc3 32. Nd1 Rc5 33. Nb2 Re6
34. Nd3 Bxd3 35. Rxd3 b5 36. Rfd1 Kf7 1/2-1/2

[Event "XX Festival A"]
[Site "Porto San Giorgio ITA"]
[Date "2008.08.23"]
[Round "3"]
[White "Faccia, Sergio"]
[Black "Ferri, Stefano"]
[Result "0-1"]
[WhiteElo "2035"]
[BlackElo "2146"]
[PlyCount "88"]
[EventDate "2008.08.21"]

1. e4 d5 2. exd5 Nf6 3. d4 Bg4 4. f3 Bf5 5. Bc4 Nxd5 6. Ne2 e6 7. O-O Be7 8.
Ng3 Bg6 9. Bb3 O-O 10. c4 Nb4 11. Be3 N8c6 12. Nc3 Na5 13. Rc1 c6 14. f4 Qd7
15. Nce4 b6 16. Ba4 Nxa2 17. Ra1 Nb4 18. Qe2 h5 19. Nf2 h4 20. Nge4 Rad8 21.
Rfd1 Qb7 22. Nc3 a6 23. Rd2 Rc8 24. h3 Rfd8 25. Ng4 Qc7 26. Ne5 Bf5 27. Rad1 b5
28. cxb5 cxb5 29. Bc2 Nxc2 30. Rxc2 Bxc2 31. Rc1 Bf5 32. Qh5 g6 33. Qh6 Bf8 34.
Qxh4 Qe7 35. Qe1 Nc4 36. Bf2 b4 37. Na4 Nxe5 38. Rxc8 Nf3+ 39. gxf3 Rxc8 40.
Nc5 Qc7 41. Qxb4 Qxf4 42. Qb7 Rb8 43. Qxa6 Rxb2 44. Nd7 Bxh3 0-1

[Event "XX Festival A"]
[Site "Porto San Giorgio ITA"]
[Date "2008.08.23"]
[Round "3"]
[White "Farago, Ivan"]
[Black "Voiska, Margarita"]
[Result "1/2-1/2"]
[WhiteElo "2482"]
[BlackElo "2296"]
[PlyCount "116"]
[EventDate "2008.08.21"]

1. d4 Nf6 2. c4 e6 3. Nf3 Bb4+ 4. Bd2 a5 5. g3 d5 6. Qc2 c5 7. cxd5 cxd4 8.
Nxd4 O-O 9. Bg2 Qb6 10. e3 exd5 11. O-O Nc6 12. Nxc6 bxc6 13. Rc1 Ne4 14. Bxb4
axb4 15. Qxc6 Qxc6 16. Rxc6 Bd7 17. Rc7 Rfd8 18. Bxe4 dxe4 19. Nd2 Bh3 20. Rc2
Rd3 21. Re1 Rxa2 22. Nxe4 b3 23. Nc5 bxc2 24. Nxd3 Ra8 25. f3 Rd8 26. Nf2 Be6
27. Ra1 h6 28. Kf1 Rb8 29. Rc1 Rxb2 30. Ke1 Bd7 31. Nd3 Rb1 32. Kd2 Ba4 33. Nc5
Bb3 34. Nxb3 Rxb3 35. Rxc2 h5 36. Ke2 g6 37. f4 Kg7 38. Kf3 Ra3 39. h3 Rb3 40.
g4 hxg4+ 41. hxg4 Kf6 42. g5+ Ke6 43. Rc5 Ke7 44. Ke4 Rb7 45. Ke5 Ra7 46. e4
Rb7 47. Kd4 Rd7+ 48. Rd5 Ra7 49. f5 gxf5 50. exf5 Ra1 51. f6+ Ke6 52. Re5+ Kd6
53. Rb5 Ke6 54. Ke4 Re1+ 55. Kf3 Rf1+ 56. Kg3 Rg1+ 57. Kf2 Ra1 58. Kg2 Rc1
1/2-1/2

[Event "XX Festival A"]
[Site "Porto San Giorgio ITA"]
[Date "2008.08.23"]
[Round "3"]
[White "Giancotti, Eraldo"]
[Black "Borgiani, Flavio"]
[Result "1-0"]
[WhiteElo "2092"]
[BlackElo "2215"]
[PlyCount "69"]
[EventDate "2008.08.21"]

1. Nf3 d6 2. g3 e5 3. d3 f5 4. Bg2 Nc6 5. O-O Nf6 6. c4 g6 7. Nc3 Bg7 8. Rb1 a5
9. a3 O-O 10. b4 axb4 11. axb4 Kh8 12. b5 Ne7 13. Bd2 c6 14. c5 Ne8 15. cxd6
Nxd6 16. bxc6 bxc6 17. Ne1 Be6 18. Qc1 Nd5 19. Nc2 e4 20. Nb4 Nxb4 21. Rxb4 c5
22. Rb1 Rc8 23. dxe4 Nc4 24. Bg5 Bf6 25. Bxf6+ Qxf6 26. exf5 Qxf5 27. Rb7 Rb8
28. Rxb8 Rxb8 29. e4 Qe5 30. Nd5 Bxd5 31. exd5 Rb4 32. Re1 Qf6 33. Re6 Qd8 34.
h3 Kg8 35. Qe1 1-0

[Event "XX Festival A"]
[Site "Porto San Giorgio ITA"]
[Date "2008.08.23"]
[Round "3"]
[White "Hera, Imre jr"]
[Black "Dragojlovic, Andjelko"]
[Result "1-0"]
[WhiteElo "2518"]
[BlackElo "2400"]
[PlyCount "53"]
[EventDate "2008.08.21"]

1. Nf3 Nf6 2. c4 g6 3. Nc3 Bg7 4. e4 c5 5. d4 cxd4 6. Nxd4 Nc6 7. Be3 Ng4 8.
Qxg4 Nxd4 9. Qd1 Ne6 10. Qd2 Qa5 11. Rc1 b6 12. Qd5 Rb8 13. Qxa5 bxa5 14. b3 a6
15. c5 Bb7 16. f3 Rc8 17. Na4 Bd4 18. Bxd4 Nxd4 19. Bc4 O-O 20. Kf2 Kg7 21.
Rhd1 e5 22. Bd5 Rc7 23. Nb6 f6 24. Rc4 Rb8 25. Rdc1 Bxd5 26. exd5 Rbb7 27. Nxd7
1-0

[Event "XX Festival A"]
[Site "Porto San Giorgio ITA"]
[Date "2008.08.23"]
[Round "3"]
[White "Jovanic, Ognjen"]
[Black "Bontempi, Piero"]
[Result "1-0"]
[WhiteElo "2493"]
[BlackElo "2374"]
[PlyCount "95"]
[EventDate "2008.08.21"]

1. d4 d5 2. c4 Bf5 3. cxd5 Bxb1 4. Qa4+ c6 5. Rxb1 Qxd5 6. Nf3 Nd7 7. b4 Ngf6
8. e3 e6 9. Qc2 a6 10. Bd3 Qh5 11. e4 Be7 12. h3 g5 13. Bxg5 Rg8 14. e5 Rxg5
15. Nxg5 Nd5 16. Nf3 Bxb4+ 17. Kf1 O-O-O 18. Be4 N7b6 19. Qb3 Rd7 20. g3 a5 21.
a3 a4 22. Qd3 Ba5 23. Kg2 Kb8 24. Rhc1 Ka7 25. Rc5 Bc3 26. Rxc3 Nxc3 27. Qxc3
Nd5 28. Qa5+ Kb8 29. Bxd5 Rxd5 30. Qxa4 Qf5 31. Qb4 Rd7 32. Rc1 Qe4 33. Re1 Qc2
34. Qf8+ Kc7 35. Qc5 Qb2 36. Re3 Rd5 37. Qe7+ Rd7 38. Qb4 Qc2 39. Qb3 Qf5 40.
Qd3 Qh5 41. Qe4 Rd5 42. Rc3 Qh6 43. Rc5 Rd8 44. a4 Rf8 45. a5 Ra8 46. d5 exd5
47. Qxd5 Rf8 48. Qb3 1-0

[Event "XX Festival A"]
[Site "Porto San Giorgio ITA"]
[Date "2008.08.23"]
[Round "3"]
[White "Kizov, Atanas"]
[Black "Fedorchuk, Sergey A."]
[Result "1/2-1/2"]
[WhiteElo "2426"]
[BlackElo "2624"]
[PlyCount "32"]
[EventDate "2008.08.21"]

1. d4 Nf6 2. c4 e6 3. Nf3 b6 4. a3 Bb7 5. Nc3 d5 6. Bg5 Be7 7. Bxf6 Bxf6 8.
cxd5 exd5 9. Qa4+ c6 10. g3 O-O 11. Bg2 Re8 12. O-O Na6 13. Rfd1 Nc7 14. e3 Qe7
15. Rac1 Red8 16. b4 Ne6 1/2-1/2

[Event "XX Festival A"]
[Site "Porto San Giorgio ITA"]
[Date "2008.08.23"]
[Round "3"]
[White "Liguori, Renato"]
[Black "Calzetta Ruiz, Monica"]
[Result "0-1"]
[WhiteElo "2103"]
[BlackElo "2264"]
[PlyCount "54"]
[EventDate "2008.08.21"]

1. d4 Nf6 2. c4 c5 3. Nf3 cxd4 4. Nxd4 Nc6 5. Nc3 g6 6. e4 d6 7. Be2 Nxd4 8.
Qxd4 Bg7 9. Be3 O-O 10. Qd2 a5 11. b3 Nxe4 12. Nxe4 Bxa1 13. Bh6 Bg7 14. h4 Qb6
15. Kf1 Bxh6 16. Qxh6 Qd4 17. f3 a4 18. b4 Bf5 19. Ng3 Bd3 20. h5 Bxe2+ 21.
Kxe2 Qxc4+ 22. Ke3 Qc3+ 23. Ke2 Qg7 24. Qd2 Rfc8 25. Rh4 Qc3 26. Qd5 Qb2+ 27.
Ke3 Rc3+ 0-1

[Event "XX Festival A"]
[Site "Porto San Giorgio ITA"]
[Date "2008.08.23"]
[Round "3"]
[White "Longo, Enrico"]
[Black "Mrdja, Milan"]
[Result "0-1"]
[WhiteElo "1931"]
[BlackElo "2409"]
[PlyCount "90"]
[EventDate "2008.08.21"]

1. e4 e6 2. d4 d5 3. Nd2 Nf6 4. e5 Nfd7 5. Bd3 c5 6. c3 Nc6 7. Ne2 a5 8. b3 a4
9. bxa4 cxd4 10. cxd4 Qb6 11. Rb1 Qa7 12. Nf3 Qxa4 13. Qxa4 Rxa4 14. O-O Be7
15. Nc3 Ra5 16. Bg5 Bxg5 17. Nxg5 Nxd4 18. Nb5 Nxe5 19. Nd6+ Kd7 20. Ndxf7 Nxf7
21. Nxf7 Rf8 22. Ne5+ Kd6 23. f4 g5 24. g3 gxf4 25. Rxf4 Rxf4 26. gxf4 Rxa2 27.
Rc1 Bd7 28. Rb1 Bc6 29. Nf7+ Kc7 30. Ne5 h5 31. Rd1 h4 32. Bf1 Ne2+ 33. Bxe2
Rxe2 34. Nf3 h3 35. Nd4 Rg2+ 36. Kh1 Kd6 37. Rd3 Rf2 38. Rxh3 Rxf4 39. Rd3 e5
40. Ne2 Rf2 41. Ng3 d4+ 42. Kg1 Rg2+ 43. Kf1 Rxh2 44. Nf5+ Ke6 45. Ng3 Bb5 0-1

[Event "XX Festival A"]
[Site "Porto San Giorgio ITA"]
[Date "2008.08.23"]
[Round "3"]
[White "Massironi, Marco"]
[Black "Lucchi, Lorenzo"]
[Result "1-0"]
[WhiteElo "2145"]
[BlackElo "2051"]
[PlyCount "81"]
[EventDate "2008.08.21"]

1. e4 d6 2. d4 Nf6 3. Nc3 e5 4. Nf3 exd4 5. Nxd4 Nc6 6. Be2 g6 7. Bg5 Bg7 8.
Nxc6 bxc6 9. e5 dxe5 10. Qxd8+ Kxd8 11. Bf3 Bd7 12. Ne4 Ke7 13. O-O-O Rhd8 14.
Nxf6 Bxf6 15. Bxf6+ Kxf6 16. Rxd7 Rxd7 17. Bxc6 Rdd8 18. Bxa8 Rxa8 19. Rd1 Ke6
20. Rd3 f5 21. Rh3 h5 22. Rg3 Kf6 23. Rc3 Rc8 24. Rb3 f4 25. Rb7 g5 26. Rxa7 g4
27. Kd2 e4 28. Ra6+ c6 29. g3 e3+ 30. Ke2 f3+ 31. Kxe3 Re8+ 32. Kf4 Re2 33.
Rxc6+ Ke7 34. Rc5 Rxf2 35. Rxh5 Rxc2 36. Kxg4 f2 37. Rf5 Rxb2 38. h4 Rxa2 39.
Kh3 Ke6 40. Rf3 Ke5 41. Kg2 1-0

[Event "XX Festival A"]
[Site "Porto San Giorgio ITA"]
[Date "2008.08.23"]
[Round "3"]
[White "Naumkin, Igor"]
[Black "Calavalle, Giulio"]
[Result "1-0"]
[WhiteElo "2502"]
[BlackElo "2231"]
[PlyCount "67"]
[EventDate "2008.08.21"]

1. d4 c5 2. d5 f5 3. Nf3 g6 4. e4 fxe4 5. Ng5 Nf6 6. Nc3 Bg7 7. Ngxe4 Nxe4 8.
Nxe4 O-O 9. d6 e6 10. h4 b6 11. Bg5 Qe8 12. c3 Bb7 13. Qc2 Nc6 14. Be2 Rc8 15.
Rh3 Rf5 16. g4 Rf8 17. Rd1 Ne5 18. Bc1 c4 19. f4 Nf7 20. h5 g5 21. fxg5 Ne5 22.
g6 hxg6 23. h6 Nd3+ 24. Bxd3 cxd3 25. Qxd3 Be5 26. Be3 Bd5 27. h7+ Kf7 28. Ng5+
Kg7 29. Bd4 Bf6 30. Bxf6+ Kxf6 31. Qd4+ e5 32. Qe3 Ba8 33. Rd2 Kg7 34. Rf2 1-0

[Event "XX Festival A"]
[Site "Porto San Giorgio ITA"]
[Date "2008.08.23"]
[Round "3"]
[White "Navarro, Stefano"]
[Black "Rinaudo, Sergio"]
[Result "1-0"]
[WhiteElo "2259"]
[BlackElo "2116"]
[PlyCount "49"]
[EventDate "2008.08.21"]

1. e4 e5 2. Nf3 Nf6 3. Nxe5 d6 4. Nf3 Nxe4 5. d4 d5 6. Bd3 Nc6 7. c3 Be7 8. O-O
Bg4 9. Re1 f5 10. Nbd2 Qd6 11. Qc2 O-O-O 12. b4 Bf6 13. b5 Ne7 14. Ne5 Bxe5 15.
dxe5 Qc5 16. Nb3 Qb6 17. Nd4 Qg6 18. f3 Bh3 19. fxe4 dxe4 20. Bc4 Nd5 21. Bxd5
Rxd5 22. Kh1 Bg4 23. e6 Qf6 24. Qa4 Kb8 25. Be3 1-0

[Event "XX Festival A"]
[Site "Porto San Giorgio ITA"]
[Date "2008.08.23"]
[Round "3"]
[White "Ortega, Lexy"]
[Black "Stromboli, Carlo"]
[Result "0-1"]
[WhiteElo "2456"]
[BlackElo "2263"]
[PlyCount "65"]
[EventDate "2008.08.21"]

1. Nf3 Nf6 2. c4 e6 3. e3 d5 4. d4 Nbd7 5. Nc3 c6 6. Bd3 Bd6 7. e4 dxe4 8. Nxe4
Nxe4 9. Bxe4 e5 10. O-O exd4 11. Bg5 Nf6 12. Qxd4 Be7 13. Rfe1 Be6 14. Qe5 Qb8
15. Qc3 O-O 16. Bc2 h6 17. Bh4 Qc7 18. Nd4 Bc8 19. Qd3 g6 20. h3 a6 21. Qf3 Kg7
22. Rad1 Rd8 23. Qc3 c5 24. Nf3 Rxd1 25. Rxd1 Be6 26. Ne5 Rd8 27. Re1 Qd6 28.
Nf3 Qb6 29. a3 Qc7 30. Bg3 Bd6 31. Ne5 Qe7 32. Bh4 Bxe5 33. Rxe5 0-1

[Event "XX Festival A"]
[Site "Porto San Giorgio ITA"]
[Date "2008.08.23"]
[Round "3"]
[White "Parpinel, Marco"]
[Black "Tribuiani, Renato"]
[Result "1-0"]
[WhiteElo "2159"]
[BlackElo "2065"]
[PlyCount "101"]
[EventDate "2008.08.21"]

1. e4 Nc6 2. d4 e5 3. d5 Nce7 4. c4 Ng6 5. Be3 Bb4+ 6. Nd2 Nf6 7. Bd3 Nh4 8.
Kf1 Bxd2 9. Qxd2 d6 10. c5 O-O 11. Rc1 Ng6 12. f3 Nh5 13. g3 b6 14. cxd6 cxd6
15. Ke1 Ne7 16. g4 Nf6 17. Ne2 Nd7 18. b4 a5 19. a3 axb4 20. axb4 Ng6 21. Nc3
Qf6 22. Qf2 Nf4 23. Bf1 Bb7 24. Kd2 Rfc8 25. Bb5 Nb8 26. Na4 g6 27. Bxb6 Na6
28. Ba5 Nc5 29. Nxc5 dxc5 30. Rxc5 Rxc5 31. Qxc5 Ng2 32. Qf2 Qg5+ 33. Kc3 Rc8+
34. Kb3 Ne3 35. Bb6 Nxd5 36. exd5 Bxd5+ 37. Ka4 Rc3 38. f4 Qxg4 39. Qd2 Qf3 40.
Ra1 Bb3+ 41. Ka5 Qa8+ 42. Ba6 Rc8 43. fxe5 Bc4 44. b5 Re8 45. Rc1 Bb3 46. Rc6
Be6 47. Qd6 Bc8 48. Rxc8 Rxc8 49. Qd7 Rf8 50. Qc6 Qb8 51. Bc7 1-0